=LDR 00000nam 2200000 4500 =001 NUTBA000000000003347 =005 20140814162349.0 =006 =007 =008 =020 ##$$a 979-769-072-5 =035 ##$$0010-081400000000192 =040 ##$$a Ind =082 ##$$a 616. 89 =090 ##$$a 616.89$bGer p =100 ##$$a Gerald c davison =245 ##$$a Psikologi abnormal $cGerald c davision =250 ##$$a Ed. 9,Cet. 3 =260 ##$$a Jakarta$bRajawali pers$c2012. =300 ##$$a xxv,948 Hlm$bIlus$c25 cm. =850 ##$$a NBPNMAT =990 ##$$a 21403098 =990 ##$$a 0001/BPAP-NTB/20142014 =990 ##$$a 0001/BPAP-NTB/20142014 =990 ##$$a 0001/BPAP-NTB/20142015 =990 ##$$a 0001/BPAP-NTB/20142015 =990 ##$$a 0001/BPAP-NTB/2015